Представление документа в формате RUSMARC

Поле Инд. ПП Название Значение
Тип записи a
Библиографический уровень a
001 Контрольный номер da4e161e568a4edbbb671e60787f1691
005 Дата корректировки 20181124200618.6
100 a Данные общей обработки 20181107 ||| 0rusy0189 ca
101 0_ a Язык текста rus
102 a Страна публикации RU
200 1_ f Первые сведения об ответственности А.И. Коновалов
a Заглавие Прекращение права публичной собственности. Актуальные решения
b Общее обозначение материала Текст
210 d Дата издания 2017
461 _0 1 2000
a Закон и право
463 _0 1 2000
a №5
v С. 25-31
1 2101
d 2017
1 00191d7ded28eea4f83ae1c9acbbc38d378
606 a Основная рубрика Гражданское и торговое право
610 0_ a Ключевые слова ПУБЛИЧНО-ПРАВОВОЕ ОБРАЗОВАНИЕ
a Ключевые слова ПРАВО СОБСТВЕННОСТИ
a Ключевые слова РГУП
700 _1 a Фамилия Коновалов
b Имя А.И.
801 _0 a Страна RU
b Организация РГУП
c Дата составления 20181107
g Правила каталогизации PSBO
801 _1 a Страна RU
b Организация РГУП
c Дата составления 20181107
g Правила каталогизации PSBO
901 t Тип документа b
w Контрольный № источника 91d7ded28eea4f83ae1c9acbbc38d378
905 a Дата ввода 20181107